[Event "Dreifluesse op"]
[Site "Passau"]
[Date "1998.04.12"]
[Round "5"]
[White "Hauschild, Helmut"]
[Black "Von Essen, Markus"]
[Result "1/2-1/2"]
[WhiteElo "2099"]
[BlackElo "1950"]

1.e4 g6 2.d4 Bg7 3.Nc3 c6 4.Bc4 d6 5.Be3 Nf6 6.f3 O-O 7.Bb3 e5 8.dxe5 dxe5
9.Qxd8 Rxd8 10.Nge2 Na6 11.Nc1 Nd7 12.Nd3 Nf8 13.Bg5 Re8 14.Bh4 Be6 15.O-O Nd7
16.Rad1 Nb6 17.f4 Nc4 18.Bf2 f6 19.g4 b5 20.f5 gxf5 21.exf5 Bd5 22.Nc5 Nxc5
23.Bxc5 Rad8 24.Nxd5 cxd5 25.Bxa7 Bh6 26.Kg2 Kf8 27.Bc5+ Kg7 28.Bxc4 bxc4
29.c3 Rd7 30.Kf3 Ra8 31.a3 Kf7 32.Be3 Bf8 33.Rd2 Bxa3 34.bxa3 Rxa3 35.Rc1 d4
36.cxd4 exd4 37.Rxc4 Rxe3+ 38.Kf2 Re4 39.Kf3 Re3+ 40.Kf4 Rh3 41.Rc1 d3 42.Re1 h5
43.Re4 Rh4 44.Kg3 Rxg4+ 45.Rxg4 hxg4 46.Kxg4 Kg7 47.Kf4 Kh6 48.Ke4 Kg5 49.Rg2+ Kh4
50.Rd2 Kh3 51.Kf4 Rd4+ 52.Ke3 Rd5 53.Ke4 Re5+ 54.Kf4 Rd5  1/2-1/2

[Event "Dreifluesse op"]
[Site "Passau"]
[Date "1998.04.12"]
[Round "5"]
[White "Strehle, Isabel"]
[Black "Roth, Stefan"]
[Result "1/2-1/2"]
[WhiteElo "2170"]
[BlackElo "2095"]

1.e4 g6 2.d4 Bg7 3.Nc3 c6 4.Nf3 d5 5.Bf4 dxe4 6.Nxe4 Qa5+ 7.Qd2 Qxd2+ 8.Kxd2 Nf6
9.Bd3 Nxe4+ 10.Bxe4 Nd7 11.c3 Nf6 12.Bd3 Nd5 13.Bg3 Bh6+ 14.Kc2 Nf4  1/2-1/2

[Event "Dreifluesse op"]
[Site "Passau"]
[Date "1998.04.12"]
[Round "6"]
[White "Medunova, Vera"]
[Black "Von Essen, Markus"]
[Result "1-0"]
[WhiteElo "2180"]
[BlackElo "1950"]

1.e4 g6 2.d4 Bg7 3.Nc3 c6 4.Nf3 d5 5.h3 Nf6 6.Bd3 dxe4 7.Nxe4 Nxe4 8.Bxe4 Nd7
9.O-O O-O 10.c3 e5 11.dxe5 Nxe5 12.Nd4 Qb6 13.a4 a5 14.Qb3 Qxb3 15.Nxb3 f5
16.Bc2 f4 17.Nd4 c5 18.Nb5 Ra6 19.b3 g5 20.Ba3 Rh6 21.Bxc5 f3 22.Bxf8 Kxf8
23.Be4 g4 24.hxg4 Bxg4 25.Nd4 fxg2 26.Bxg2 Rg6 27.f4 Nd3 28.f5 Bxd4+ 29.cxd4 Rg5
30.Kh2 Be2 31.Bxb7 Bxf1 32.Rxf1 Rg7 33.Bd5 Nb4 34.Bc4 Nc6 35.f6 Rg6 36.Rf4 h6
37.Kh3 Rg5 38.Kh4 Nb4 39.Be6 Nd5 40.Rf2 Nb4 41.Rf3 Nd5 42.Rf1 Ne3 43.Rf3 Nd5
44.f7 Ne7 45.d5 Nxd5 46.Rd3 Rh5+ 47.Kg3 Rg5+ 48.Kf3  1-0

[Event "Garcia mem Premier"]
[Site "Santa Clara"]
[Date "1998.05.29"]
[Round "5"]
[White "Herrera, Irisberto"]
[Black "Arencibia, Walter"]
[Result "1/2-1/2"]
[WhiteElo "2445"]
[BlackElo "2535"]

1.e4 g6 2.d4 Bg7 3.Nc3 c6 4.Be3 d5 5.e5 f6 6.f4 Nh6 7.Nf3 b6 8.Qd2 Ba6 9.O-O-O Bxf1
10.Rdxf1 Na6 11.h3 Nc7 12.g4 f5 13.g5 Ng8 14.h4 e6 15.h5 Ne7 16.Rh3 Rg8 17.Kb1 Qd7
18.Qf2 O-O-O 19.b3 Na6 20.Na4 Kb8 21.Rfh1 Rc8 22.Ne1 Rc7 23.hxg6 hxg6 24.Rh7 Qe8
25.Nd3 Nc8 26.Qf1 Kb7 27.R1h3 Bf8 28.Rxc7+ Nxc7 29.Rh7 Rg7  1/2-1/2

[Event "Keres mem op"]
[Site "Tallin"]
[Date "1998.06.20"]
[Round "7"]
[White "Uvarov, Vyacheslav"]
[Black "Raud, Rainer"]
[Result "0-1"]
[WhiteElo "2185"]
[BlackElo "2385"]

1.e4 g6 2.d4 Bg7 3.Nc3 c6 4.Be3 d5 5.Qd2 dxe4 6.Nxe4 Nf6 7.Nxf6+ Bxf6 8.O-O-O O-O
9.Nf3 Bg4 10.Be2 Nd7 11.h3 Bxf3 12.Bxf3 Nb6 13.h4 Nc4 14.Qe2 Nxe3 15.Qxe3 Qa5
16.Kb1 Rad8 17.h5 Rd6 18.Qb3 Rb8 19.Be4 g5 20.h6 c5 21.f4 gxf4 22.dxc5 Qxc5
23.Rxd6 Qxd6 24.c3 Rd8 25.Bc2 Qc6 26.a3 Qxg2 27.Rh5 f3 28.Qxb7 Qg1+ 29.Ka2 f2
30.Qc7 Rf8 31.Rf5 f1=Q 32.Rxf1 Qxf1 33.Qg3+ Kh8 34.Bd3 Qc1 35.Qh3 Qg5  0-1

[Event "SVK-ch"]
[Site "Prievidza"]
[Date "1998.06.27"]
[Round "1.16"]
[White "Schwarz, Dusan"]
[Black "Karlik, Vladimir"]
[Result "1/2-1/2"]
[WhiteElo "2112"]
[BlackElo "2320"]

1.e4 g6 2.d4 Bg7 3.Nc3 c6 4.f4 d5 5.e5 Nh6 6.Nf3 Bg4 7.h3 Bxf3 8.Qxf3 f6
9.exf6 exf6 10.Be3 f5 11.O-O-O Nd7 12.g4 Qa5 13.Bd3 Rf8 14.Kb1 O-O-O 15.Ne2 Qb4
16.Bd2 Qd6 17.a3 Qe6 18.Rhg1 Nb6 19.b3 Kb8 20.Rde1 Qd7 21.Bb4 Rf7 22.g5 Ng8
23.Qf2 Nc8 24.Ka2 Nd6 25.Bxd6+ Qxd6 26.Ng3 Bf8 27.b4 Re7 28.Rxe7 Nxe7 29.Qe3 Bg7
30.c3 Nc8 31.Re1 Qc7 32.h4 Nd6 33.h5 Ne4 34.Nxe4 dxe4 35.Bc4 Bf8 36.h6 Bd6
37.Rf1 a5 38.Kb2 b6 39.b5 Rc8 40.a4 Bf8 41.bxc6 Qxc6 42.Bb5 Qd6 43.Ra1 Ka7
44.Kb3 Be7  1/2-1/2

[Event "SVK-ch"]
[Site "Prievidza"]
[Date "1998.07.01"]
[Round "5.16"]
[White "Rigo, Zsolt"]
[Black "Karlik, Vladimir"]
[Result "0-1"]
[WhiteElo "2160"]
[BlackElo "2320"]

1.e4 g6 2.d4 Bg7 3.Nc3 c6 4.Nf3 d6 5.a4 Nf6 6.h3 O-O 7.Be3 Qa5 8.Nd2 Nbd7
9.Nc4 Qc7 10.Be2 d5 11.e5 dxc4 12.exf6 Nxf6 13.Bxc4 Qa5 14.O-O Nd5 15.Nxd5 cxd5
16.Bb3 Bd7  0-1

[Event "NLD-ch"]
[Site "Rotterdam"]
[Date "1998.07.03"]
[Round "11"]
[White "Van der Weide, Karel"]
[Black "Piket, Jeroen"]
[Result "1-0"]
[WhiteElo "2450"]
[BlackElo "2575"]

1.e4 g6 2.d4 Bg7 3.Nc3 c6 4.Nf3 d6 5.h3 b5 6.Bd3 Nd7 7.O-O Bb7 8.Be3 a6 9.a4 e5
10.axb5 cxb5 11.dxe5 dxe5 12.Bxb5 axb5 13.Nxb5 Bf8 14.Qd3 Ra6 15.Rfd1 Qc8
16.Rxa6 Bxa6 17.Nd6+ Bxd6 18.Qxd6 Be2 19.Rd5 Ne7 20.Nxe5 Nxd5 21.Nxd7 Rg8
22.Bg5 Ba6 23.exd5 Qxd7 24.Qe5+  1-0

[Event "RUS-Cup06"]
[Site "Nizhnij Novgorod"]
[Date "1998.07.07"]
[Round "9"]
[White "Sokolov, Alexander"]
[Black "Komliakov, Viktor"]
[Result "0-1"]
[WhiteElo "2380"]
[BlackElo "2510"]

1.e4 g6 2.d4 Bg7 3.Nc3 c6 4.f4 d5 5.e5 Nh6 6.Nf3 f6 7.Be2 Bg4 8.Be3 O-O 9.h3 Bxf3
10.Bxf3 Nf5 11.Bf2 fxe5 12.fxe5 e6 13.O-O h5 14.Qd3 c5 15.Rae1 Nc6 16.Ne2 Qg5
17.c4 cxd4 18.Nxd4 Ncxd4 19.Bxd4 Nh4 20.Qe2 Rac8 21.c5 Rf7 22.g4 Qf4  0-1

[Event "St Veit op 17th"]
[Site "St Veit"]
[Date "1998.07.18"]
[Round "8"]
[White "Starc, Christian"]
[Black "Benda, Herbert"]
[Result "0-1"]
[WhiteElo "2170"]
[BlackElo "2210"]

1.e4 g6 2.d4 Bg7 3.Nc3 c6 4.Nf3 d5 5.exd5 cxd5 6.Be2 Nc6 7.h3 Nf6 8.O-O O-O
9.Bf4 Bf5 10.Nh4 Be6 11.Na4 Ne4 12.Nf3 Qa5 13.Nc3 Nxc3 14.bxc3 Qxc3 15.Bd2 Qa3
16.Rb1 b6 17.Rb3 Qd6 18.c3 Na5 19.Rb1 Nc4 20.Bc1 Rac8 21.Bd3 Bf5 22.Bxf5 gxf5
23.Qd3 e6 24.Re1 h6 25.Nh2 Qc6 26.Qg3 Kh7 27.Bf4 Bf6 28.Qd3 Rg8 29.Kh1 Nd6
30.Ng4 Bg5 31.Bxg5 Rxg5 32.Nf6+ Kh8 33.Qe3 Qxc3 34.Qf4 Nc4 35.Rec1 Qa3 36.Qe5 Qf8
37.Rxc4 dxc4 38.Nh5+ Kh7 39.Nf6+ Kh8 40.Nh5+ f6 41.Nxf6 f4 42.Nd7+ Rxe5 43.Nxf8 Re4
44.f3 Rxd4 45.Nxe6 Rd2 46.Nxf4 c3  0-1

[Event "Smith & Williamson"]
[Site "Witley"]
[Date "1998.07.20"]
[Round "2"]
[White "Spence, David"]
[Black "Bates, Ruth"]
[Result "1/2-1/2"]
[WhiteElo "2070"]
[BlackElo "2035"]

1.e4 g6 2.d4 Bg7 3.Nc3 c6 4.Nf3 d6 5.Bg5 Nf6 6.Qd2 h6 7.Be3 b5 8.Bd3 a6 9.O-O Qc7
10.a4 b4 11.Ne2 a5 12.c3 bxc3 13.bxc3 Nbd7 14.h3 Ba6 15.Bxa6 Rxa6 16.Qd3 Ra8
17.Nd2 O-O 18.f4 e5 19.dxe5 dxe5 20.f5 Rfd8 21.Qc4 g5 22.Rab1 Rdb8 23.Qa2 Bf8
24.Ng3 Bc5 25.Bxc5 Nxc5 26.Qc4 Qd6 27.Nf3  1/2-1/2

[Event "Szeged TT07 IM"]
[Site "Szeged"]
[Date "1998.07.22"]
[Round "7"]
[White "Farkas, Tibor"]
[Black "Nanu, Ciprian"]
[Result "1/2-1/2"]
[WhiteElo "2275"]
[BlackElo "2405"]

1.e4 g6 2.d4 Bg7 3.Nc3 c6 4.f4 d5 5.e5 h5 6.Nf3 Nh6 7.Be3 Bg4 8.Bf2 Qb6 9.b3 Qa5
10.Qd3 Na6 11.Be2 Nf5 12.O-O Bh6 13.g3 Nc7 14.b4 Qb6 15.Rab1 Ne6 16.Na4 Qc7
17.Nc5 Nxc5 18.bxc5 b5 19.Kg2 h4 20.Nxh4 Nxh4+ 21.gxh4 Bf5 22.Qd2 Qd7 23.Rb3 Be4+
24.Bf3 Qf5 25.Bxe4 Qxe4+ 26.Rf3 e6 27.Bg3 Qf5 28.Ra3 a6 29.Qd3 Qxd3 30.Rxd3 Kd7
31.Be1 Bf8 32.Rff3 Be7 33.Rh3 a5 34.a3 a4 35.c3 Rh5 36.Kg3 Rf8 37.Kg4 Bd8
38.Rhf3 Bc7 39.Rde3 Rf5 40.Bg3 Rh8 41.Be1 Rfh5 42.Rd3 Bd8 43.Rh3 Rf8 44.Rhf3 f6
45.exf6 Rxf6 46.Rde3 Bc7 47.Rd3  1/2-1/2

[Event "Saitek US Masters"]
[Site "Hawaii"]
[Date "1998.07.27"]
[Round "7"]
[White "Chavira, Wilmer"]
[Black "Wolferink, Frans"]
[Result "1-0"]
[WhiteElo "2230"]
[BlackElo "2115"]

1.e4 g6 2.d4 Bg7 3.Nc3 c6 4.Bc4 d6 5.Qf3 e6 6.Nge2 b5 7.Bb3 a5 8.a3 Ba6 9.O-O Nd7
10.Bf4 Nb6 11.Rad1 Ne7 12.Rfe1 Ra7 13.h4 h6 14.g4 g5 15.hxg5 Ng6 16.Qg3 Rd7
17.gxh6 Bxh6 18.Bxh6 Rxh6 19.d5 cxd5 20.exd5 e5 21.Ne4 Qh4 22.Kg2 b4 23.Qxh4 Nxh4+
24.Kg3 f5 25.g5 Rg7 26.Nf6+ Kd8 27.f4 exf4+ 28.Nxf4 Rxg5+ 29.Kf2 Rxf6 30.Ne6+ Rxe6
31.Rxe6 Rg2+ 32.Ke3 Re2+ 33.Kf4 Ng2+ 34.Kf3 Rxe6 35.dxe6 Bb7+ 36.Kf2 Ke7
37.Rh1 Bc6 38.Rh7+ Kf6 39.Rc7 a4 40.Rxc6 axb3 41.cxb3 Nd5 42.Kxg2 Kxe6 43.a4 Kd7
44.Rc1 Nf4+ 45.Kf3 Nd3 46.Rd1 Nc5 47.Rd4 Nxb3 48.Rxb4 Nc5 49.a5 Kc7 50.Rc4 Kb7
51.b4 Ne6 52.b5 d5 53.Rh4  1-0

[Event "Saitek US Masters"]
[Site "Hawaii"]
[Date "1998.07.29"]
[Round "9"]
[White "Shahade, Jennifer"]
[Black "Wolferink, Frans"]
[Result "1-0"]
[WhiteElo "2185"]
[BlackElo "2115"]

1.e4 g6 2.d4 Bg7 3.Nc3 c6 4.Nf3 d5 5.h3 Nf6 6.e5 Ne4 7.Bd3 Nxc3 8.bxc3 c5
9.O-O Nc6 10.Bf4 O-O 11.Re1 Be6 12.Qd2 Qa5 13.a4 cxd4 14.cxd4 Qxd2 15.Bxd2 h6
16.Reb1 Rab8 17.a5 Bf5 18.Bxf5 gxf5 19.Rb5 Rfd8 20.Rab1 Rd7 21.Kf1 e6 22.Ke2 Bf8
23.g4 fxg4 24.hxg4 a6 25.Rb6 Be7  1-0

[Event "RUS-ch51"]
[Site "St Petersburg"]
[Date "1998.08.06"]
[Round "10"]
[White "Solozhenkin, Evgeniy"]
[Black "Kharlov, Andrei"]
[Result "0-1"]
[WhiteElo "2535"]
[BlackElo "2575"]

1.e4 g6 2.d4 c6 3.Nc3 Bg7 4.Nf3 d6 5.Be2 Nf6 6.O-O O-O 7.Bf4 Nh5 8.Be3 d5
9.h3 dxe4 10.Nxe4 Nd7 11.Re1 c5 12.dxc5 Bxb2 13.Rb1 Bg7 14.Nd4 Nhf6 15.Nxf6+ Bxf6
16.c6 Nb6 17.Bf3 bxc6 18.Bxc6 Rb8 19.Bf4 e5 20.Rxe5 Ba6 21.Rd5 Nxd5 22.Rxb8 Nxf4
23.Rxd8 Rxd8 24.Qf3 Rxd4 25.g3 Ne2+ 26.Kg2 Rd6 27.Bd5 Nc3 28.Bb3 Rd7 29.Kh2 Bb5
30.a4 Nxa4 31.c4 Nc5 32.cxb5 Nxb3 33.Qc6 Rd2 34.Qf3 Nd4 35.Qe3 Rb2  0-1

[Event "Stockholm op (Women)"]
[Site "Stockholm"]
[Date "1998.08.06"]
[Round "6"]
[White "Agrest, Svetlana"]
[Black "Rubene, Ilze"]
[Result "1/2-1/2"]
[WhiteElo "2185"]
[BlackElo "2165"]

1.e4 g6 2.d4 Bg7 3.Nc3 c6 4.h3 d6 5.g3 b5 6.a3 a6 7.Bg2 Bb7 8.Nge2 Nd7 9.O-O Ngf6
10.Bg5 O-O 11.Qd2 Nb6 12.b3 Qc7 13.Rad1 Rac8 14.g4 Rfe8 15.Ng3 Nfd7 16.Nce2 e5
17.Bh6 f6 18.Bxg7 Kxg7 19.g5 Qd8 20.gxf6+ Qxf6 21.f4 Qe7 22.f5 Rf8 23.Qe3 Rce8
24.Qf3 d5 25.Qc3 Kg8 26.fxg6 hxg6 27.Qd3 Kg7 28.dxe5 Qxe5 29.exd5 Nxd5 30.Bxd5 cxd5
31.Rxf8 Rxf8 32.Qd4 Qxd4+ 33.Nxd4 Re8 34.Nge2 Nf6 35.Rf1  1/2-1/2

[Event "Stockholm2"]
[Site "Stockholm"]
[Date "1998.08.06"]
[Round "6"]
[White "Seeman, Tarvo"]
[Black "Tella, Jussi"]
[Result "1/2-1/2"]
[WhiteElo "2475"]
[BlackElo "2395"]

1.e4 g6 2.d4 Bg7 3.Nc3 c6 4.h4 h5 5.Nh3 d6 6.Be3 b5 7.Qd2 Nf6 8.f3 Nbd7 9.Ng5 Nb6
10.Nd1 Bd7 11.c3 Qc7 12.Nf2 Rd8 13.Be2 e5 14.Rd1 O-O 15.O-O Bc8 16.Qc1 Nh7
17.b3 Nxg5 18.Bxg5 f6 19.Be3 Rf7 20.f4 exf4 21.Bxf4 f5 22.Bh6 Re8 23.Bf3 fxe4
24.Nxe4 Nd5 25.c4 bxc4 26.bxc4 Nf6 27.Bxg7 Nxe4 28.Bh6 d5 29.Bxe4 Rxe4 30.cxd5 Bg4
31.Qg5 Kh7 32.d6 Qd7 33.Bf8  1/2-1/2

[Event "Mala mem op"]
[Site "Griesheim"]
[Date "1998.08.08"]
[Round "4"]
[White "Pfrommer, Christoph"]
[Black "Wallrabenstein, Udo"]
[Result "1/2-1/2"]
[WhiteElo "2340"]
[BlackElo "2145"]

1.e4 g6 2.d4 Bg7 3.Nc3 c6 4.Nf3 d5 5.h3 Nf6 6.e5 Ne4 7.Bd3 Nxc3 8.bxc3 O-O
9.O-O c5 10.dxc5 Nc6 11.Re1 Qa5 12.Rb1 Qxa2 13.Bf4 Qa5 14.Qd2 Qd8 15.Bh6 Qc7
16.Bb5 a6 17.Bxc6 bxc6 18.e6 Bxe6 19.Rb4 Bf6 20.Bxf8 Rxf8 21.Rb6 Ra8 22.Qe3 a5
23.Ne5 Bd7 24.f4 Kg7 25.Qd4  1/2-1/2

[Event "AZ Sanace Cup"]
[Site "Olomouc"]
[Date "1998.08.09"]
[Round "2"]
[White "Oral, Tomas"]
[Black "Betko, Lubomir"]
[Result "1-0"]
[WhiteElo "2510"]
[BlackElo "2300"]

1.e4 c6 2.d4 g6 3.Nc3 Bg7 4.Nf3 d6 5.h3 Nf6 6.a4 O-O 7.Be3 Nbd7 8.a5 Qc7
9.Be2 e5 10.dxe5 dxe5 11.O-O Rd8 12.Qb1 Nf8 13.Qa2 h6 14.Bb6 axb6 15.axb6 Qxb6
16.Qxa8 Bxh3 17.Qa5 Qxa5 18.Rxa5 Bg4 19.Rd1 Rxd1+ 20.Bxd1 Ne8 21.Nxe5 Bxd1
22.Nxd1 b6 23.Ra8 Nc7 24.Rxf8+ Kxf8 25.Nxc6 Ke8 26.Nb4 Kd7 27.c3 Kd6 28.Kf1 h5
29.Ne3 b5 30.Ke2 Ne6 31.Nd3 Nc7 32.f4 Bh6 33.Kf3 Ne6 34.e5+ Kc6 35.Ke4 Bf8
36.Nc2 Nc5+ 37.Nxc5 Kxc5 38.b3 Be7 39.Ne3 f5+ 40.Kd3 Bh4 41.b4+ Kc6 42.Nc2 Kd5
43.Nd4 Bg3 44.Ke3 g5 45.fxg5 Kxe5 46.g6 Bf4+ 47.Kf3 Bh6 48.Nxb5  1-0

[Event "Wch (Men) U26"]
[Site "Rotterdam"]
[Date "1998.08.11"]
[Round "1"]
[White "Vouldis, Angelos"]
[Black "Hochstrasser, Michael"]
[Result "1-0"]
[WhiteElo "2475"]
[BlackElo "2315"]

1.e4 g6 2.d4 Bg7 3.Nc3 c6 4.f4 d5 5.e5 h5 6.Nf3 Nh6 7.Be3 Bg4 8.h3 Bxf3 9.Qxf3 Nf5
10.Bf2 h4 11.Bd3 Nd7 12.O-O e6 13.Ne2 Bf8 14.b3 Be7 15.c4 Kf8 16.Kh2 Rh7
17.c5 f6 18.b4 Qc7 19.b5 Kg8 20.Rab1 Rf8 21.bxc6 bxc6 22.Bxf5 gxf5 23.Bxh4 Kh8
24.Bg3 Rg8 25.Rb3 Bd8 26.Rfb1 Nf8 27.Rb8 Ng6 28.exf6 Bxf6 29.Rxg8+ Kxg8 30.Qe3 Qc8
31.Ng1 Nf8 32.Nf3 Qa6 33.Rb8 Re7 34.Bh4 Bxh4 35.Nxh4 Kf7 36.Qf3 Qxa2 37.Qh5+ Kg8
38.Qg5+ Kf7 39.Rxf8+  1-0

[Event "Wch (Men) U26"]
[Site "Rotterdam"]
[Date "1998.08.14"]
[Round "4"]
[White "Ovetchkin, Roman"]
[Black "Sichinava, Roman"]
[Result "0-1"]
[WhiteElo "2485"]
[BlackElo "2395"]

1.d4 g6 2.e4 Bg7 3.Nc3 c6 4.Nf3 d6 5.Be2 Qc7 6.O-O Nd7 7.a4 a5 8.Be3 Ngf6
9.Nd2 O-O 10.f4 d5 11.e5 Ne8 12.Qe1 f5 13.Qg3 Nb6 14.h4 Be6 15.h5 gxh5 16.Bxh5 Nc4
17.Nxc4 dxc4 18.d5 Bxd5 19.Nxd5 cxd5 20.Rfd1 e6 21.Qf2 Kh8 22.b3 cxb3 23.cxb3 Qd7
24.Be2 Nc7 25.Bb6 Rfc8 26.Rac1 Bf8 27.Rc2 Na6 28.Rdc1 Rxc2 29.Rxc2 Qg7 30.Qe1 Bb4
31.Qc1 Rg8 32.Bf1 Qf8 33.Bf2 Qd8 34.Bxa6 bxa6 35.Rc7 d4 36.Qc6 d3 37.Rd7 d2  0-1

[Event "Hampstead IM3"]
[Site "Hampstead"]
[Date "1998.08.19"]
[Round "9"]
[White "Palliser, Richard"]
[Black "Bree, Thomas"]
[Result "0-1"]
[WhiteElo "2175"]
[BlackElo "2255"]

1.d4 g6 2.e4 Bg7 3.Nc3 c6 4.Bc4 d6 5.Qf3 e6 6.Nge2 Nd7 7.O-O Qe7 8.Bb3 e5
9.Bg5 Ngf6 10.Rad1 h6 11.Bh4 g5 12.Bg3 h5 13.dxe5 dxe5 14.h4 Nc5 15.hxg5 Nh7
16.g6 fxg6 17.Bh4 Bf6 18.Bxf6 Nxf6 19.Qg3 Ng4 20.f4 h4 21.Qf3 Nxb3 22.axb3 h3
23.g3 Bd7 24.Rxd7 Qxd7 25.Rd1 Qe6 26.f5 gxf5 27.exf5 Qg8 28.Ne4 Rd8 29.Rf1 Kf8
30.Qc3 Qd5 31.Qf3 h2+ 32.Kh1 Qxe4  0-1

[Event "POL-chTJ"]
[Site "Rowy"]
[Date "1998.08.24"]
[Round "5"]
[White "Kotwicka, Maja"]
[Black "Rutkowska, Mariola"]
[Result "1/2-1/2"]
[WhiteElo "2080"]
[BlackElo "2115"]

1.e4 g6 2.d4 Bg7 3.Nc3 c6 4.Be3 d5 5.e5 h5 6.f4 Nh6 7.Nf3 Bg4 8.Be2 e6 9.Bf2 Nf5
10.h3 Bxf3 11.Bxf3 h4 12.O-O Bh6 13.Ne2 g5 14.Bg4 Nd7 15.Qd3 Ng7 16.f5 exf5
17.Bxf5 Nxf5 18.Qxf5 Qe7 19.Be3 Nf8 20.b3 Qe6 21.Bxg5 Qxf5 22.Rxf5 Bxg5 23.Rxg5 Ne6
24.Rg4 Ke7 25.Rf1 Rhg8 26.Rxg8 Rxg8 27.Rf5 Ng5 28.Kh2 Ne4 29.Rf4 Rh8 30.g3 hxg3+
31.Nxg3 Ng5 32.h4 Ne6 33.Nf5+ Kd7 34.Rg4 c5 35.c3 Rh5 36.Nd6 cxd4 37.cxd4 f5
38.Rg6 Rxh4+ 39.Kg3 Rxd4 40.Nxf5 Re4 41.Nd6 Rxe5 42.Nxb7 d4 43.b4 d3 44.Kf2 Re2+
45.Kf1 Rxa2 46.Nc5+ Nxc5 47.bxc5 a5 48.Rd6+ Kc7 49.Rxd3  1/2-1/2

[Event "POL-chTJ"]
[Site "Rowy"]
[Date "1998.08.26"]
[Round "7"]
[White "Fojudzki, Marcin"]
[Black "Radziewicz, Iweta"]
[Result "0-1"]
[WhiteElo "2050"]
[BlackElo "2425"]

1.e4 g6 2.d4 Bg7 3.Nc3 c6 4.Bc4 d6 5.Qf3 e6 6.Nge2 Nd7 7.O-O Ngf6 8.Qg3 Qe7
9.f4 d5 10.Bd3 dxe4 11.Nxe4 Nxe4 12.Bxe4 O-O 13.Bd2 Nf6 14.Bd3 b6 15.Rae1 Qc7
16.Kh1 Bb7 17.Qf2 Rfd8 18.Ng1 c5 19.dxc5 bxc5 20.b3 Nh5 21.Be4 Bxe4 22.Rxe4 Rd4
23.Rxd4 cxd4 24.Rc1 Rd8 25.Ne2 Nf6 26.Qf3 Qd7 27.h3 Nd5 28.c3 dxc3 29.Nxc3 Rc8
30.Nxd5 Rxc1+ 31.Bxc1 exd5 32.Qd3 Bf6 33.Bd2 Kg7 34.Kg1 Qd6 35.Kh1 h5 36.b4 Qc6
37.b5 Qc4 38.Qxc4 dxc4 39.a4 c3 40.Be3 c2 41.g3 Kf8 42.Kg2 Ke7 43.Kf3 Kd6
44.Bc1 Kc5 45.Ke2 Kb4 46.Kd3 Kxa4 47.Kxc2 Kxb5 48.g4 Kc4 49.Kd2 a5 50.gxh5 gxh5
51.Ba3 a4 52.Kc2 Bc3 53.Bd6 f5 54.Be7 Bb4 55.Bf6 Bd6  0-1

[Event "LIB-ch"]
[Site "Beirut"]
[Date "1998.09.04"]
[Round "9"]
[White "Kassis, Antoine"]
[Black "Fadi, Eid"]
[Result "0-1"]
[WhiteElo "2220"]
[BlackElo "2280"]

1.e4 g6 2.d4 Bg7 3.Nc3 c6 4.Nf3 d6 5.Be2 Nf6 6.O-O O-O 7.h3 Qc7 8.Be3 Nbd7
9.Qd2 b5 10.a3 a6 11.Bh6 Bb7 12.Bxg7 Kxg7 13.Qe3 e5 14.dxe5 dxe5 15.Rfd1 Rfe8
16.Rd2 Nf8 17.Rad1 Ne6 18.Bf1 c5 19.Nd5 Bxd5 20.exd5 Nd4 21.Nxd4 cxd4 22.Qb3 Rac8
23.g3 Ne4 24.Re2 Nd6 25.Bg2 Qc4 26.Qd3 f6 27.Kh2 Qa2 28.Qb3 Qxb3 29.cxb3 h5
30.Red2 a5 31.Kg1 Rc5 32.b4 axb4 33.axb4 Rc4 34.Ra1 Re7 35.Ra6 Rd7 36.b3 Rc3
37.Ra3 f5 38.f4 e4 39.Rxd4 Rxg3 40.Kf2 h4 41.Rd1 Rc7 42.Ra6 Rc2+  0-1

[Event "Karl Wagner mem 5th"]
[Site "Graz"]
[Date "1998.09.09"]
[Round "5.19"]
[White "Rott, Georg"]
[Black "Bawart, Markus"]
[Result "0-1"]
[WhiteElo "2200"]
[BlackElo "2345"]

1.e4 g6 2.d4 Bg7 3.Nc3 c6 4.Bc4 d6 5.a4 Nf6 6.f3 O-O 7.Nge2 d5 8.Bb3 dxe4
9.fxe4 e5 10.Be3 Ng4 11.Bg1 Qh4+ 12.Ng3 exd4 13.Ne2 c5 14.h3 Ne5 15.Bd5 Nbc6
16.Bf2 Qe7 17.O-O Nb4 18.c3 dxc3 19.bxc3 Nbd3 20.Be3 Be6 21.Rb1 Bxd5 22.exd5 Rad8
23.Qb3 b6 24.Ne4 Ng4 25.hxg4 Qxe4 26.Rf3 Ne5 27.Rh3 Nxg4 28.c4 Rfe8  0-1

[Event "Karl Wagner mem 5th"]
[Site "Graz"]
[Date "1998.09.12"]
[Round "8.41"]
[White "Maric, Katarina"]
[Black "Zirngast, Erhard"]
[Result "1/2-1/2"]
[WhiteElo "2005"]
[BlackElo "2060"]

1.e4 g6 2.d4 Bg7 3.Nc3 c6 4.Nf3 d5 5.h3 Nf6 6.Bd3 dxe4 7.Nxe4 Nxe4 8.Bxe4 Be6
9.O-O O-O 10.c3 Qc7 11.Be3 Bd5 12.Bd3 Nd7 13.Re1 c5 14.Bb5 Bc6 15.Bxc6 Qxc6
16.Qe2 e6 17.dxc5 Nxc5 18.Bd4 Nd7 19.Bxg7 Kxg7 20.Rad1 Rfe8 21.Nd4 Qb6 22.Nb5 Re7
23.Rd6 Qc5 24.b4 Qc8 25.Rd3 Qc6 26.Rd6 Qc8 27.Rd3 a6 28.Nd6 Qc7 29.c4 b6
30.Qe4 Rb8 31.Qd4+ e5 32.Qc3 Re6 33.Red1 Nf6 34.c5 bxc5 35.Qxc5 Qb6 36.a3 e4
37.Rc3 Qxc5 38.bxc5 Ne8 39.Nxe8+ Rexe8 40.Rd6 Ra8 41.c6 Ra7 42.c7 Rc8 43.Rd7 a5
44.Kf1 Ra6 45.Rd8 Raa8 46.Rd7 Kf8 47.Ke2 Ke8 48.Rd5 Ra7 49.Rc4 f5 50.f3 Rcxc7
51.Rxc7 Rxc7 52.fxe4 Rc2+ 53.Kf1 fxe4 54.Rxa5 Rc4 55.Ra7 Rc3 56.Kf2 Kf8 57.Rxh7 Rxa3
58.Rh4 Ra2+ 59.Kg3 Re2 60.Rg4 Kf7 61.Kf4 Kf6 62.h4 Re1 63.Rg3 Rh1 64.Rg4 Re1  1/2-1/2

[Event "CRO-chT"]
[Site "Porec"]
[Date "1998.09.15"]
[Round "9"]
[White "Dabo Peranic, Robert"]
[Black "Sermek, Drazen"]
[Result "0-1"]
[WhiteElo "2195"]
[BlackElo "2550"]

1.e4 g6 2.d4 Bg7 3.Nc3 c6 4.Bc4 d6 5.Qf3 e6 6.Nge2 Nd7 7.h4 Ngf6 8.g4 d5
9.Bb3 h5 10.g5 Nxe4 11.Nxe4 dxe4 12.Qxe4 O-O 13.Bf4 c5 14.Bd6 cxd4 15.Bxf8 Kxf8
16.O-O-O Nc5 17.Qf3 Qb6 18.Nf4 Kg8 19.Bc4 Bd7 20.Rh3 Rc8 21.Nd3 a5 22.Kb1 Nxd3
23.cxd3 Qc7 24.Qe2 b5 25.Bb3 a4 26.Bc2 Be5 27.Rf3 Bc6 28.Rf6 Bxf6 29.gxf6 Bf3
30.Qd2 Bxd1 31.Bxd1 Qe5  0-1

[Event "Elista ol (Men)"]
[Site "Elista"]
[Date "1998.09.30"]
[Round "2"]
[White "Reefat bin Satter"]
[Black "Van der Wiel, John TH"]
[Result "1-0"]
[WhiteElo "2350"]
[BlackElo "2520"]

1.e4 g6 2.d4 Bg7 3.Nc3 c6 4.Bc4 d6 5.Qf3 e6 6.Nge2 b5 7.Bb3 a5 8.a3 Ba6 9.d5 cxd5
10.exd5 e5 11.Ne4 h6 12.h4 f5 13.Nd2 Ne7 14.g4 O-O 15.gxf5 Nd7 16.Ne4 Nxf5
17.Qg2 Nf6 18.c3 b4 19.Bc2 b3 20.Bb1 Qe8 21.h5 Qb5 22.c4 Qxc4 23.N2c3 g5
24.Nxg5 Nh4 25.Rxh4 Qxh4 26.Ne6 Qg4 27.Qxg4 Nxg4 28.Nxf8 Rxf8 29.Nd1 Bb7
30.Bd2 Bxd5 31.Bxa5 Bf3 32.Bg6 d5 33.Bb4 Rc8 34.Nc3 d4 35.Ne4 Rc2 36.Nd2 Rc6
37.Nxf3 e4 38.Bxe4 Re6 39.Nd2 d3 40.Bc3 Bxc3 41.bxc3 Nf6 42.f3  1-0

[Event "Elista ol (Men)"]
[Site "Elista"]
[Date "1998.10.01"]
[Round "3"]
[White "Cueto, Johny"]
[Black "Oblitas, Carlomagno"]
[Result "0-1"]
[WhiteElo "2350"]
[BlackElo "2420"]

1.e4 g6 2.d4 Bg7 3.Nc3 c6 4.Be3 Qb6 5.a3 d6 6.Bc4 Nf6 7.f3 d5 8.exd5 cxd5
9.Bxd5 Qxb2 10.Nge2 Qb6 11.Rb1 Qa6 12.Rb5 O-O 13.a4 Nxd5 14.Nxd5 Qxa4 15.Nec3 Qa3
16.Bc1 Qd6 17.Bf4 Qd8 18.Nc7 e5 19.Nxa8 exf4 20.Ne2 b6 21.c3 Bb7 22.Nxb6 axb6
23.O-O Qc7 24.Qd2 Ba6 25.Rb3 Bc4 26.Ra3 Qe7  0-1

[Event "Elista ol (Men)"]
[Site "Elista"]
[Date "1998.10.03"]
[Round "5"]
[White "Pavasovic, Dusko"]
[Black "Spangenberg, Hugo"]
[Result "1/2-1/2"]
[WhiteElo "2475"]
[BlackElo "2520"]

1.e4 g6 2.d4 Bg7 3.Nc3 c6 4.Nf3 d5 5.h3 dxe4 6.Nxe4 Nd7 7.Bd3 Ngf6 8.O-O O-O
9.Qe2 Nxe4 10.Qxe4 Nf6 11.Qe2 Qc7 12.Re1 Re8 13.Ne5 Be6 14.Bf4 Qb6 15.c3 c5
16.Nf3 Nd5 17.Be5 Bxe5 18.Qxe5 Rad8 19.Re2 c4  1/2-1/2

[Event "Elista ol (Men)"]
[Site "Elista"]
[Date "1998.10.03"]
[Round "5"]
[White "Fernandes, Antonio"]
[Black "Kasimdzhanov, Rustam"]
[Result "0-1"]
[WhiteElo "2480"]
[BlackElo "2570"]

1.d4 g6 2.e4 Bg7 3.Nc3 c6 4.Bc4 d6 5.Nf3 Nf6 6.O-O b5 7.Bd3 O-O 8.Re1 Bg4
9.h3 Bxf3 10.Qxf3 e5 11.dxe5 dxe5 12.Bg5 Nbd7 13.Rad1 Qe7 14.Be2 Rfd8 15.Rd2 Nc5
16.Red1 Rxd2 17.Rxd2 Ne6 18.Bh4 Nd4 19.Qe3 Qf8 20.g4 Nd7 21.Nd1 Nc5 22.c3 Nde6
23.b4 Na4 24.a3 Bh6 25.g5 Qe7 26.Bg4 Bxg5 27.Bxg5 Qxg5 28.Qxg5 Nxg5 29.Rd6 h5
30.Be2 Nxh3+ 31.Kh2 Nf4 32.Bf1 Rc8 33.Rd7 a6 34.Kg3 c5 35.f3 cxb4 36.cxb4 Rc1
37.Rd6 Ra1 38.Ne3 Rxa3 39.Nd5 Nc3 40.Rd8+ Kg7 41.Nxf4 exf4+ 42.Kxf4 Na2 43.Rd7 Nxb4
44.e5 Kf8 45.Ra7 Nc6 46.Ra8+ Kg7 47.Bxb5 Nxe5 48.Kxe5 Ra5 49.Rxa6 Rxb5+ 50.Kf4 Rb4+
51.Kg3 g5 52.Rc6 f6 53.Ra6 Kg6 54.Ra8 Rb2 55.Ra3 h4+ 56.Kh3 Rf2 57.Kg4 f5+
58.Kh3 Kh5  0-1

[Event "Elista ol (Men)"]
[Site "Elista"]
[Date "1998.10.04"]
[Round "6"]
[White "Oblitas, Carlomagno"]
[Black "Ramsingh, Yogendranath"]
[Result "1-0"]
[WhiteElo "2420"]
[BlackElo "2250"]

1.e4 c6 2.Nc3 g6 3.d4 Bg7 4.Be3 d6 5.Qd2 Nf6 6.f3 Nbd7 7.Bh6 Bxh6 8.Qxh6 c5
9.Nge2 Qa5 10.a3 a6 11.dxc5 Qxc5 12.Nc1 Ne5 13.Nb3 Qc7 14.Nd4 Bd7 15.Be2 Qb6
16.O-O-O Rc8 17.Nd5 Nxd5 18.exd5 Qc5 19.f4 Ng4 20.Bxg4 Bxg4 21.Rd2 Qxd5 22.Kb1 Be6
23.b3 Qa5 24.Re2 Bg4 25.Re3 Rc3 26.Re4 d5 27.Re5 Qxa3 28.Qg7 Rf8 29.h3 Bc8
30.Rhe1 e6 31.Rxd5 Rc5 32.Nxe6 Rxd5 33.Nxf8+ Be6 34.Nxe6 fxe6 35.Qg8+  1-0